LEADER 02334oem 2200541Ia 450 001 9910695213403321 005 20060908121822.0 035 $a(CKB)5470000002368610 035 $a(OCoLC)71278659 035 $a(EXLCZ)995470000002368610 100 $a20060908d2006 ca 101 0 $aeng 120 $ab|||||||||||| 121 $a||aa||||| 124 $bd 135 $aurcz|---||||| 181 $ccrd$2rdacontent 182 $cc$2rdamedia 183 $acr$2rdacarrier 200 10$aSea floor topography and backscatter intensity of the Hudson Canyon Region offshore of New York and New Jersey$b[electronic resource] /$fby Bradford Butman ... [and others] 205 $aVersion 2.0. 210 1$a[Reston, Va.] :$cU.S. Dept. of the Interior, U.S. Geological Survey;$aDenver, CO : For sale by U.S. Geological Survey, Information Services,$d2006. 215 $a2 electronic maps $cHTML, digital, PDF file 225 1 $aU.S. Geological Survey open-file report ;$v2004-1441 300 $aTitle from title screen (viewed on Sept. 8, 2006). 300 $aRelief shown by shading. 300 $aPrepared by Rutgers Marine & Coastal Science, U.S. Department of Commerce, National Oceanic and Atmospheric Administration, Woods Hole Oceanographic Institution, and United States Geological Survey. 300 $aIncludes text, location map, perspective view, maps, and profiles. 320 $aIncludes bibliographical references. 606 $aContinental shelf$zHudson River Estuary (N.Y. and N.J.)$vMaps 606 $aSubmarine topography$zNew Jersey$vMaps 606 $aSubmarine topography$zNew York (State)$vMaps 608 $aTopographic maps.$2lcgft 608 $aMaps.$2lcgft 615 0$aContinental shelf 615 0$aSubmarine topography 615 0$aSubmarine topography 701 $aButman$b Bradford$01381636 712 02$aRutgers University.$bInstitute of Marine and Coastal Sciences. 712 02$aUnited States.$bNational Oceanic and Atmospheric Administration. 712 02$aWoods Hole Oceanographic Institution. 801 0$bGPO 801 1$bGPO 801 2$bGPO 906 $aBOOK 912 $a9910695213403321 996 $aSea floor topography and backscatter intensity of the Hudson Canyon Region offshore of New York and New Jersey$93424433 997 $aUNINA